Books on aeronautics, (Record no. 92079)

MARC details
000 -LEADER
fixed length control field 00878cam a22002531 4500
001 - CONTROL NUMBER
control field w 32000002
003 - CONTROL NUMBER IDENTIFIER
control field DLC
005 - DATE AND TIME OF LATEST TRANSACTION
control field 20260227112808.0
008 - FIXED-LENGTH DATA ELEMENTS--GENERAL INFORMATION
fixed length control field 850606s1932 dcu b f000 0 eng c
010 ## - LIBRARY OF CONGRESS CONTROL NUMBER
LC control number w 32000002
035 ## - SYSTEM CONTROL NUMBER
System control number (OCoLC)12126511
040 ## - CATALOGING SOURCE
Original cataloging agency Washington, D.C. Public Library
Transcribing agency CLU
Modifying agency CLU
-- DLC
042 ## - AUTHENTICATION CODE
Authentication code premarc
050 00 - LIBRARY OF CONGRESS CALL NUMBER
Classification number Z5063
Item number .W32 1932
110 1# - MAIN ENTRY--CORPORATE NAME
Corporate name or jurisdiction name as entry element District of Columbia.
Subordinate unit Public Library.
245 10 - TITLE STATEMENT
Title Books on aeronautics,
Remainder of title a reading list,
Statement of responsibility, etc. compiled by Olive Chace ...
260 ## - PUBLICATION, DISTRIBUTION, ETC.
Place of publication, distribution, etc. Washington,
Name of publisher, distributor, etc. U.S. Govt. Print. Off.,
Date of publication, distribution, etc. 1932.
300 ## - PHYSICAL DESCRIPTION
Extent 59 p.
Dimensions 15 cm.
490 1# - SERIES STATEMENT
Series statement Its Reference list.
Volume/sequential designation no. 27
500 ## - GENERAL NOTE
General note At head of title: The Public library of the District of Columbia ...
650 #0 - SUBJECT ADDED ENTRY--TOPICAL TERM
Topical term or geographic name entry element Aeronautics
Form subdivision Bibliography.
700 1# - ADDED ENTRY--PERSONAL NAME
Personal name Chace, Olive,
Relator term comp.
810 1# - SERIES ADDED ENTRY--CORPORATE NAME
Corporate name or jurisdiction name as entry element District of Columbia.
Subordinate unit Public Library.
Title of a work Reference list.
Volume/sequential designation no. 27.

No items available.

Powered by Koha